Confucius and the Chinese way / (Record no. 30473)
[ view plain ]
| 000 -LEADER | |
|---|---|
| fixed length control field | 00995cam a2200313 4500 |
| 001 - CONTROL NUMBER | |
| control field | 30473 |
| 003 - CONTROL NUMBER IDENTIFIER | |
| rucl marc code | UkOxU |
| 005 - DATE AND TIME OF LATEST TRANSACTION | |
| control field | 20211209051553.0 |
| 008 - FIXED-LENGTH DATA ELEMENTS--GENERAL INFORMATION | |
| fixed length control field | 140410r1951 enka b 001 0 eng d |
| 035 ## - SYSTEM CONTROL NUMBER | |
| System control number | BD-RjUL)30559 |
| System control number | (UkLCURL)9860005492 |
| 040 ## - CATALOGING SOURCE | |
| Original cataloging agency | DLC |
| Transcribing agency | DLC |
| Modifying agency | DLC |
| -- | BD-RjUL |
| Language of cataloging | eng |
| 041 ## - LANGUAGE CODE | |
| Language code of text/sound track or separate title | eng |
| 082 00 - DEWEY DECIMAL CLASSIFICATION NUMBER | |
| Classification number | 299.51264 |
| Author mark and year | CRC 1951 |
| 090 ## - LOCALLY ASSIGNED LC-TYPE CALL NUMBER (OCLC); LOCAL CALL NUMBER (OCLC) | |
| Classification number (OCLC) (R) ; Classification number, CALL (RLIN) (NR) | LCo |
| 100 1# - MAIN ENTRY--PERSONAL NAME | |
| Personal name | Creel, Herrlee Glessner, |
| Dates associated with a name | 1905-1994. |
| 9 (RLIN) | 85054 |
| 245 10 - TITLE STATEMENT | |
| Title | Confucius and the Chinese way / |
| Statement of responsibility, etc. | H.G. Creel. |
| 260 ## - PUBLICATION, DISTRIBUTION, ETC. (IMPRINT) | |
| Place of publication, distribution, etc. | London : |
| Name of publisher, distributor, etc. | Routledge & Kegan Paul Ltd, |
| Date of publication, distribution, etc. | 1951. |
| 300 ## - PHYSICAL DESCRIPTION | |
| Pagination | xiii, 337 p. : |
| Illustrations | ill. ; |
| Size | 21 cm. |
| 490 1# - SERIES STATEMENT | |
| Series statement | Harper torchbooks. Cloister library |
| 500 ## - GENERAL NOTE | |
| General note | First published in 1949 under title: Confucius, the man and the myth. |
| 504 ## - BIBLIOGRAPHY, ETC. NOTE | |
| Bibliography, etc | Includes bibliography. and Index |
| 650 #0 - SUBJECT ADDED ENTRY--TOPICAL TERM | |
| Topical term or geographic name as entry element | Philosophy, Confucian. |
| 9 (RLIN) | 92599 |
| 830 #0 - SERIES ADDED ENTRY--UNIFORM TITLE | |
| Uniform title | Harper torchbooks. |
| 942 ## - ADDED ENTRY ELEMENTS (KOHA) | |
| Source of classification or shelving scheme | Dewey Decimal Classification |
| Koha item type | Books |
| Lost status | Source of classification or shelving scheme | Damaged status | Not for loan | Collection code | Permanent Location | Current Location | Shelving location | Date acquired | Source of acquisition | Total Checkouts | Full call number | Date last seen | Copy number | Koha item type | Cost, normal purchase price |
|---|---|---|---|---|---|---|---|---|---|---|---|---|---|---|---|
| Dewey Decimal Classification | Non-fiction | Central Library, University of Rajshahi | Central Library, University of Rajshahi | 30/11/1957 | Pak American Council | 299.51264 CRC 1951 | 10/04/2014 | C-2 | Books | ||||||
| Dewey Decimal Classification | Non-fiction | Central Library, University of Rajshahi | Central Library, University of Rajshahi | 05/07/1968 | Sweets & Zeitlenger | 299.51264 CRC 1951 | 10/04/2014 | C-3 | Books | 28.00 |